| 000 | 00592nam a2200169 i 4500 | ||
|---|---|---|---|
| 001 | 38580 | ||
| 003 | ES-MaACL | ||
| 005 | 20230906155800.0 | ||
| 007 | t| | ||
| 008 | 030226s1982 sp ||||1| spa d | ||
| 100 | 1 |
_aCalero Ruiz, Clementina. _933662 |
|
| 245 | 1 | 0 |
_aManuel Antonio de la Cruz, pintor portuense (1750-1809) / _cClementina Calero Ruiz. |
| 260 |
_a[Puerto de la Cruz : _bAyuntamiento de Puerto de la Cruz, _c1982] |
||
| 300 |
_a84 p. : _b8 lám. ; _c23 cm. |
||
| 500 | _aPremio de investigación histórica "Agustín Alvarez Rixo" 1981. | ||
| 852 |
_aES-MaACL _jL-1964 _bR.103246 |
||
| 999 |
_c38580 _d38580 |
||